Nástroj na monitorovanie správ na sociálnych médiách obsahujúcich informácie o prírodných katastrofách

Salvato in:
Dettagli Bibliografici
Autore principale: Vanek, Tibor (Autore)
Altri autori: Šeleng, Martin (Relatore della tesi)
Natura: Manoscritto Libro
Lingua:slovacco
Pubblicazione: 2023
Soggetti:
Accesso online:http://is.stuba.sk/zp/portal_zp.pl?podrobnosti=155205
Tags: Aggiungi Tag
Nessun Tag, puoi essere il primo ad aggiungerne!!

MARC

LEADER 00000ntm a22000003a 4500
001 stuzp92395
003 SK-STU
005 20230909213015.1
007 ta
008 150427s2015----xo-----f-mn---000-0-slo-d
040 |a STU  |b slo 
041 0 |a slo 
100 1 |a Vanek, Tibor  |u 070200  |4 aut  |U FIIT Fakulta informatiky a informačných technológií  |T FIIT Ústav informatiky, informačných systémov a softvérového inžinierstva  |X 103172  |U I200  |Y 179  |7 103172 
242 0 1 |a A tool for monitoring social media posts containing information about natural disasters  |y eng 
245 1 0 |a Nástroj na monitorovanie správ na sociálnych médiách obsahujúcich informácie o prírodných katastrofách 
260 |c 2023 
650 4 |a Crawler  |2 slo 
650 4 |a Monitorovanie sociálnych médií  |2 slo 
650 4 |a Webová extrakcia dát  |2 slo 
650 4 |a Twitter  |2 slo 
650 4 |a Crawler  |2 eng 
650 4 |a Web data extraction  |2 eng 
650 4 |a Monitoring social media  |2 eng 
650 4 |a Twitter  |2 eng 
700 1 |a Šeleng, Martin  |4 ths  |X 52525  |7 A000052525 
856 4 |u http://is.stuba.sk/zp/portal_zp.pl?podrobnosti=155205